000
00296nam a22001337a 4500
008
171018b xxu||||| |||| 00| 0 eng d
020
_a
9780471393597
041
_a
eng
080
_2
4 ED
_a
338
100
_a
53
101
_a
MEN
245
_a
PROJECT MANAGEMENT
_c
MANTEL.S.J
942
_2
udc
_c
BK
999
_c
34647
_d
34647